[Event "III Open A"]
[Site "Genova ITA"]
[Date "1999.08.10"]
[Round "2"]
[White "Weclawski, Dorota"]
[Black "Bancod, Ronald"]
[Result "0-1"]
[WhiteElo "2100"]
[BlackElo "2388"]
[PlyCount "56"]
[EventDate "1999.08.09"]

1.d4 Nf6 2.Nf3 e6 3.Bg5 h6 4.Bh4 b6 5.e3 Bb7 6.Nbd2 Be7 7.Bd3 c5 8.c3 Nc6 
9.O-O O-O 10.Rc1 cxd4 11.exd4 Rc8 12.Re1 Nd5 13.Bxe7 Ncxe7 14.Ne4 Qc7 15.
Bb1 f5 16.Ned2 Nf4 17.c4 g5 18.d5 Nexd5 19.Nb3 Nf6 20.c5 Nxg2 21.Ne5 Nxe1 
22.Qxe1 Be4 23.Ng6 Ng4 24.f4 Kg7 25.Nxf8 Rxf8 26.h3 Qxf4 27.hxg4 Qxg4+ 28.
Kf2 Qf3+ 0-1

[Event "III Open A"]
[Site "Genova ITA"]
[Date "1999.08.10"]
[Round "3"]
[White "Bancod, Ronald"]
[Black "Pernigotti, Carlo"]
[Result "1/2-1/2"]
[WhiteElo "2388"]
[BlackElo "2201"]
[PlyCount "61"]
[EventDate "1999.08.09"]

1.e4 c5 2.Nf3 e6 3.d3 Nc6 4.g3 d6 5.Bg2 Nf6 6.O-O Be7 7.c3 O-O 8.Re1 Re8 
9.d4 d5 10.e5 Nd7 11.h4 Qc7 12.Bf4 b5 13.Nbd2 a5 14.h5 b4 15.c4 Nb6 16.
dxc5 Bxc5 17.Rc1 Nxc4 18.Nxc4 dxc4 19.Rxc4 Qb6 20.Qc2 b3 21.axb3 Nb4 22.
Qe2 Ba6 23.Ng5 Bxc4 24.bxc4 Rad8 25.Be4 h6 26.Bh7+ Kf8 27.Nf3 Rd7 28.g4 
Red8 29.g5 hxg5 30.Bxg5 Be7 31.Be3 1/2-1/2

[Event "III Open A"]
[Site "Genova ITA"]
[Date "1999.08.10"]
[Round "3"]
[White "Bogza, Adina-Maria"]
[Black "Cebalo, Miso"]
[Result "0-1"]
[WhiteElo "2210"]
[BlackElo "2453"]
[PlyCount "132"]
[EventDate "1999.08.09"]

1.d4 Nf6 2.Nf3 e6 3.Bg5 h6 4.Bxf6 Qxf6 5.e4 d6 6.Be2 Nd7 7.O-O a6 8.Nc3 
Qd8 9.a4 Be7 10.Ne1 c5 11.d5 e5 12.Bg4 O-O 13.g3 Rb8 14.Ng2 b5 15.axb5 
axb5 16.Ne3 c4 17.b4 cxb3 18.cxb3 Bg5 19.Nf5 Qc7 20.h4 Bf6 21.Rc1 Qb6 22.
Qf3 h5 23.Bxh5 g6 24.Nh6+ Kg7 25.Bg4 Be7 26.Bxd7 Bxd7 27.Ng4 f5 28.Ne3 Rf7
29.Ng2 Rbf8 30.Qe3 Bd8 31.exf5 gxf5 32.Kh2 Qxe3 33.fxe3 Bb6 34.b4 Rc8 35.
Ne2 Rff8 36.Ra1 Rc2 37.Ra6 Rb8 38.Nc1 Rd2 39.Nb3 Rxd5 40.Rc1 Kf7 41.h5 Rd2
42.Na5 Rd5 43.Nc6 Rb7 44.Ra8 Bxc6 45.Rxc6 Bxe3 46.Rh8 Ke6 47.Kh3 Bg5 48.
Rcc8 Ra7 49.Ra8 Rxa8 50.Rxa8 Rd3 51.Rg8 Bf6 52.h6 f4 53.h7 Rxg3+ 54.Kh2 
Kf7 55.Rxg3 fxg3+ 56.Kxg3 Kg7 57.Ne3 Kxh7 58.Kf3 Bg5 59.Nf5 d5 60.Nd6 Kg6 
61.Nxb5 Kf5 62.Nc3 e4+ 63.Ke2 d4 64.Nd1 Ke5 65.b5 d3+ 66.Kf2 Bd8 0-1

[Event "III Open A"]
[Site "Genova ITA"]
[Date "1999.08.10"]
[Round "3"]
[White "Cehic, Goran"]
[Black "Lettich, Sergio"]
[Result "0-1"]
[WhiteElo "2157"]
[BlackElo "2182"]
[PlyCount "78"]
[EventDate "1999.08.09"]

1.c4 c5 2.Nc3 Nc6 3.Nf3 d6 4.d4 cxd4 5.Nxd4 Nf6 6.e4 e6 7.Be3 a6 8.Be2 Be7
9.Qd2 Qc7 10.O-O O-O 11.Rac1 Nxd4 12.Bxd4 Bd7 13.Rfd1 e5 14.Be3 Rac8 15.
Bg5 Be6 16.Bxf6 Bxf6 17.Qxd6 Qxd6 18.Rxd6 Bxc4 19.Bxc4 Rxc4 20.Rcd1 Bg5 
21.Rb6 Rd4 22.Rxb7 Rfd8 23.Rxd4 exd4 24.Nd5 d3 25.Kf1 f5 26.f3 fxe4 27.
fxe4 Rf8+ 28.Ke1 d2+ 29.Ke2 Rf2+ 30.Kxf2 d1=Q 31.Rb8+ Kf7 32.Rb7+ Kg6 33.
Rb6+ Bf6 34.Nf4+ Kh6 35.Rb3 Qd2+ 36.Ne2 Bxb2 37.Rh3+ Kg6 38.Rg3+ Kf7 39.
Rf3+ Ke7 0-1

[Event "III Open A"]
[Site "Genova ITA"]
[Date "1999.08.10"]
[Round "3"]
[White "Godena, Michele"]
[Black "Di Paolo, Raffaele"]
[Result "1-0"]
[WhiteElo "2490"]
[BlackElo "2294"]
[PlyCount "83"]
[EventDate "1999.08.09"]

1.e4 Nc6 2.Nf3 d6 3.d4 Bg4 4.Be3 Nf6 5.Nc3 e5 6.d5 Nb8 7.h3 Bc8 8.a4 g6 9.
a5 a6 10.Bd3 Bg7 11.Ne2 O-O 12.c4 Ne8 13.g4 c5 14.Qd2 Qf6 15.Nh2 Qe7 16.
Nf3 f5 17.gxf5 gxf5 18.Qc2 f4 19.Bd2 Kh8 20.Nc3 Nd7 21.Na4 Rb8 22.b4 Bf6 
23.bxc5 Nxc5 24.Nxc5 dxc5 25.Rb1 Rg8 26.Bc3 Nd6 27.Rb6 Bd7 28.Qb2 Rbe8 29.
Bxe5 Nxe4 30.Bxf6+ Nxf6+ 31.Kd1 Ba4+ 32.Kc1 Rgf8 33.Rxb7 Bd7 34.Bf5 Bxf5 
35.Rxe7 Rxe7 36.Ne5 h6 37.Ng4 Bxg4 38.hxg4 Kg7 39.Rg1 Rfe8 40.g5 hxg5 41.
Rxg5+ Kf7 42.Rg1 1-0

[Event "III Open A"]
[Site "Genova ITA"]
[Date "1999.08.10"]
[Round "3"]
[White "Guido, Flavio"]
[Black "Laubsch, Bernd"]
[Result "0-1"]
[WhiteElo "2367"]
[BlackElo "2184"]
[PlyCount "86"]
[EventDate "1999.08.09"]

1.e4 c5 2.c3 Nf6 3.e5 Nd5 4.d4 cxd4 5.Nf3 e6 6.cxd4 b6 7.Bd3 Bb7 8.O-O d6 
9.Nc3 Nxc3 10.bxc3 Nd7 11.Bf4 Qc7 12.Re1 Be7 13.Rc1 O-O 14.Re3 g6 15.h4 
Bxf3 16.Qxf3 dxe5 17.dxe5 Bc5 18.Ree1 Ba3 19.Rc2 Nc5 20.Bh6 Nd7 21.Bxf8 
Rxf8 22.Qg3 Rd8 23.Bf1 Bf8 24.Rd2 Nc5 25.Rd4 Rd5 26.Bc4 Rd7 27.h5 Bg7 28.
hxg6 hxg6 29.f4 Na4 30.Qd3 Rxd4 31.Qxd4 Bf8 32.Kh2 Bc5 33.Qd3 Nb2 34.Qe2 
Nxc4 35.Rd1 Ne3 36.Rd3 Nf5 37.Qd1 Kg7 38.g4 Ne3 39.Qf3 Nd5 40.c4 Ne7 41.
Qd1 Qc6 42.Qe1 Qa4 43.Qh4 Qc2+ 0-1

[Event "III Open A"]
[Site "Genova ITA"]
[Date "1999.08.10"]
[Round "3"]
[White "Jovanic, Ognjen"]
[Black "Grigore, George-Gabriel"]
[Result "0-1"]
[WhiteElo "2333"]
[BlackElo "2526"]
[PlyCount "70"]
[EventDate "1999.08.09"]

1.d4 Nf6 2.c4 g6 3.Nc3 Bg7 4.e4 d6 5.Nf3 O-O 6.Be2 e5 7.O-O exd4 8.Nxd4 
Re8 9.f3 Nh5 10.f4 c5 11.Nc2 Nf6 12.Bf3 Nc6 13.Be3 Be6 14.Qe2 Qb6 15.Rfd1 
Ng4 16.Rxd6 Nxe3 17.Nxe3 Nd4 18.Rxb6 Nxe2+ 19.Nxe2 axb6 20.e5 f6 21.Bxb7 
Ra7 22.Bc6 Rd8 23.f5 gxf5 24.Nf4 Bh6 25.Ned5 Bxf4 26.Nxf4 Bxc4 27.e6 Rd4 
28.g3 Kf8 29.a4 Ke7 30.Rc1 Bb3 31.Rc3 Bxa4 32.Ra3 Ra5 33.Nd5+ Kd6 34.Rxa4 
Raxa4 35.Bxa4 Rxd5 0-1

[Event "III Open A"]
[Site "Genova ITA"]
[Date "1999.08.10"]
[Round "3"]
[White "Loncar, Robert"]
[Black "Satta, Vladimiro"]
[Result "1/2-1/2"]
[WhiteElo "2429"]
[BlackElo "2212"]
[PlyCount "94"]
[EventDate "1999.08.09"]

1.d4 Nf6 2.c4 e6 3.Nf3 b6 4.a3 Ba6 5.e3 d5 6.Nbd2 Be7 7.b4 O-O 8.Bb2 c5 9.
dxc5 bxc5 10.b5 Bb7 11.Qc2 Nbd7 12.Be2 Qc7 13.O-O Bd6 14.h3 Ne4 15.Nxe4 
dxe4 16.Ng5 Be5 17.Bxe5 Qxe5 18.f4 Qf5 19.h4 h6 20.Nh3 Qf6 21.Rad1 Qe7 22.
Nf2 f5 23.Qd2 Rfd8 24.Qd6 Qxd6 25.Rxd6 Nf8 26.Rfd1 Rxd6 27.Rxd6 Kf7 28.Nd1
Ke7 29.Rd2 Rd8 30.Rxd8 Kxd8 31.Nc3 Nd7 32.g4 Ke7 33.Kf2 Kd6 34.g5 Nb6 35.
a4 a5 36.Ke1 Bc8 37.Kd2 e5 38.Kc2 exf4 39.exf4 hxg5 40.hxg5 Be6 41.Kb3 Bf7
42.Nd1 g6 43.Ne3 Be6 44.Bd1 Bf7 45.Kc3 Be6 46.Bb3 Bf7 47.Nf1 Be6 1/2-1/2

[Event "III Open A"]
[Site "Genova ITA"]
[Date "1999.08.10"]
[Round "3"]
[White "Mazet, Julien"]
[Black "Neiman, Emmanuel"]
[Result "0-1"]
[WhiteElo "2162"]
[BlackElo "2353"]
[PlyCount "90"]
[EventDate "1999.08.09"]

1.d4 Nf6 2.c4 c5 3.e3 g6 4.Nf3 Bg7 5.dxc5 Na6 6.Be2 O-O 7.O-O Nxc5 8.b4 
Ne8 9.Nd4 Na6 10.a3 Nac7 11.Bb2 d5 12.Nd2 Nd6 13.cxd5 Nxd5 14.Qb3 Nb6 15.
Rfc1 a6 16.a4 e5 17.N4f3 Be6 18.Qa3 f6 19.a5 Nb5 20.Bxb5 axb5 21.Ne4 Nc4 
22.Qc3 Qe7 23.Nfd2 Nxb2 24.Qxb2 f5 25.Nc5 e4 26.Qa3 Bxa1 27.Rxa1 b6 28.
Ncb3 bxa5 29.Nxa5 Rfd8 30.Qb2 Qg7 31.Qxg7+ Kxg7 32.Nf1 Bc4 33.Rc1 Bxf1 34.
Kxf1 Rac8 35.Rc6 Rxc6 36.Nxc6 Rd2 37.Nd4 Rb2 38.Nxb5 Rxb4 39.Nd4 Rb1+ 40.
Ke2 Rb2+ 41.Kf1 Kf6 42.g3 Rd2 43.Ne2 g5 44.h4 gxh4 45.gxh4 Rxe2 0-1

[Event "III Open A"]
[Site "Genova ITA"]
[Date "1999.08.10"]
[Round "3"]
[White "Orsenigo, Davide"]
[Black "Bernago, Federico"]
[Result "0-1"]
[WhiteElo "1500"]
[BlackElo "1789"]
[PlyCount "78"]
[EventDate "1999.08.09"]

1.e4 c5 2.Nf3 e6 3.d4 cxd4 4.Nxd4 a6 5.Nc3 Qc7 6.Be3 Nf6 7.Bd3 b6 8.Qd2 
Bb7 9.f3 Nc6 10.O-O-O b5 11.g4 d6 12.g5 Nd7 13.f4 Nxd4 14.Bxd4 e5 15.Be3 
exf4 16.Bxf4 Ne5 17.Rhf1 Be7 18.Qf2 O-O 19.Bxe5 dxe5 20.Kb1 Bxg5 21.Qf5 
Bf4 22.Nd5 Bxd5 23.exd5 g6 24.Qf6 Rfc8 25.h4 Qd8 26.Qxd8+ Rxd8 27.Be4 f5 
28.Bg2 Rd6 29.Rf3 Rc8 30.Rfd3 Kg7 31.a4 e4 32.Rd4 Kf6 33.axb5 axb5 34.Rb4 
Rc5 35.Bf1 Rdxd5 36.Rxd5 Rxd5 37.Rxb5 Rd1+ 38.Ka2 Rxf1 39.c4 e3 0-1

[Event "III Open A"]
[Site "Genova ITA"]
[Date "1999.08.10"]
[Round "3"]
[White "Ptaschinski, Dirk"]
[Black "Corti, Corrado"]
[Result "1/2-1/2"]
[WhiteElo "2182"]
[BlackElo "1747"]
[PlyCount "80"]
[EventDate "1999.08.09"]

1.d4 d5 2.c4 e6 3.Nc3 Nf6 4.Nf3 c6 5.e3 Nbd7 6.Qc2 Be7 7.b3 O-O 8.Bb2 b6 
9.Bd3 Bb7 10.Rd1 Rc8 11.e4 dxe4 12.Nxe4 Bb4+ 13.Nfd2 Nxe4 14.Bxe4 Nf6 15.
Bf3 Qe7 16.O-O Rc7 17.Rfe1 Qd8 18.a3 Be7 19.Ne4 Nxe4 20.Bxe4 h6 21.Qe2 Bg5
22.g3 Rd7 23.Rd3 Qc7 24.Red1 Rfd8 25.f4 Bf6 26.b4 c5 27.d5 Bxb2 28.Qxb2 
exd5 29.Bxd5 Bxd5 30.Rxd5 Rxd5 31.Rxd5 Rxd5 32.cxd5 cxb4 33.axb4 a5 34.
bxa5 Qc5+ 35.Kf1 Qxa5 36.Qe5 Qb5+ 37.Kg2 Kf8 38.Qb8+ Ke7 39.d6+ Ke6 40.f5+
Kxf5 1/2-1/2

[Event "III Open A"]
[Site "Genova ITA"]
[Date "1999.08.10"]
[Round "3"]
[White "Abd El Gawad, Shaban"]
[Black "Drei, Andrea"]
[Result "1-0"]
[WhiteElo "2072"]
[BlackElo "2349"]
[PlyCount "93"]
[EventDate "1999.08.09"]

1.d4 Nf6 2.Bg5 e6 3.e4 Be7 4.Bd3 d6 5.Nf3 Nbd7 6.Nbd2 h6 7.Bh4 Nh5 8.Bxe7 
Qxe7 9.g3 b6 10.Qe2 Bb7 11.O-O-O O-O-O 12.Rhe1 Nhf6 13.Kb1 Kb8 14.Ba6 Ba8 
15.c4 e5 16.Bb5 g6 17.d5 Kc8 18.Qd3 Bb7 19.Qa3 Kb8 20.b4 Rc8 21.Qa4 a5 22.
a3 Ka7 23.Nb3 Ra8 24.bxa5 Kb8 25.Qb4 Nc5 26.axb6 cxb6 27.Nxc5 bxc5 28.Qb3 
Kc7 29.Rd2 Rhb8 30.Rb2 Nd7 31.Kc2 f5 32.a4 fxe4 33.Rxe4 Nb6 34.Nd2 Bc8 35.
Kc1 Nxa4 36.Ra2 Nb6 37.Rxa8 Rxa8 38.f4 Bf5 39.Re3 e4 40.Qb2 Rb8 41.g4 Bxg4
42.Rxe4 Qf7 43.Nb3 Bf5 44.Nxc5 Bxe4 45.Ne6+ Qxe6 46.dxe6 Nxc4 47.Qg7+ 1-0

[Event "III Open A"]
[Site "Genova ITA"]
[Date "1999.08.10"]
[Round "3"]
[White "Vujovic, Milorad"]
[Black "Dervishi, Erald"]
[Result "0-1"]
[WhiteElo "2258"]
[BlackElo "2496"]
[PlyCount "60"]
[EventDate "1999.08.09"]

1.c4 e6 2.e3 Nf6 3.Nf3 d5 4.b3 Be7 5.Bb2 O-O 6.Be2 c5 7.O-O Nc6 8.d4 b6 9.
dxc5 bxc5 10.Nc3 d4 11.Na4 e5 12.exd4 cxd4 13.c5 Rb8 14.Re1 Qc7 15.Bd3 Bg4
16.h3 Bh5 17.g4 Bg6 18.Bxg6 hxg6 19.Qe2 Nd7 20.Rac1 Rfe8 21.Nd2 Bg5 22.
Rcd1 Bxd2 23.Rxd2 Nf6 24.Bc1 e4 25.Bb2 Ne5 26.Rxd4 Nf3+ 27.Kf1 Qh2 28.Qd1 
Qxh3+ 29.Ke2 Qxg4 30.Kf1 Nh2# 0-1

[Event "III Open A"]
[Site "Genova ITA"]
[Date "1999.08.10"]
[Round "3"]
[White "Wall, Gavin"]
[Black "Ardelean, George Catalin"]
[Result "0-1"]
[WhiteElo "2353"]
[BlackElo "2374"]
[PlyCount "102"]
[EventDate "1999.08.09"]

1.e4 c5 2.Nf3 e6 3.c3 d5 4.e5 d4 5.Bd3 Nc6 6.O-O Nge7 7.Re1 Ng6 8.Na3 Be7 
9.b3 Nf4 10.Bf1 g5 11.cxd4 g4 12.Re4 gxf3 13.Rxf4 Nxd4 14.Nc2 Bg5 15.Re4 
Nxc2 16.Qxc2 Bd7 17.Qxc5 Be7 18.Qc3 Bc6 19.Rd4 Qb6 20.b4 fxg2 21.Bd3 a5 
22.b5 Bd5 23.Rf4 Bb4 24.Qc2 Qd8 25.Qa4 b6 26.Qd1 Qg5 27.Rg4 Qxe5 28.Rb1 
Bd6 29.Rg3 Qf4 30.Bb2 Kd7 31.Bxh8 Rxh8 32.Qh5 Bc5 33.Qe2 h5 34.Re1 Rh6 35.
Bc2 Rf6 36.Re3 Bd6 37.Rh3 Bc5 38.Re3 a4 39.Rd1 Bd4 40.Bxa4 Ke7 41.Bb3 Bb7 
42.Rc1 h4 43.Rc4 h3 44.Bd1 Rg6 45.Qe1 Bxe3 46.Rxf4 Bxf4 47.d4 Bd5 48.a4 
Bc4 49.Bh5 Rg5 50.f3 Rxh5 51.Qe4 Rf5 0-1

[Event "III Open A"]
[Site "Genova ITA"]
[Date "1999.08.11"]
[Round "4"]
[White "Ardelean, George Catalin"]
[Black "Pernigotti, Carlo"]
[Result "1-0"]
[WhiteElo "2374"]
[BlackElo "2201"]
[PlyCount "83"]
[EventDate "1999.08.09"]

1.e4 c5 2.Nf3 e6 3.d4 cxd4 4.Nxd4 Nc6 5.Nc3 a6 6.Be2 Qc7 7.O-O Nf6 8.Kh1 
Bb4 9.Nxc6 bxc6 10.f4 d5 11.e5 Bxc3 12.bxc3 Ne4 13.Bd3 Nxc3 14.Qe1 d4 15.
Bb2 c5 16.Bxc3 dxc3 17.Qxc3 O-O 18.Rae1 g6 19.Rf3 Rd8 20.Rh3 Bb7 21.f5 
exf5 22.e6 fxe6 23.Rxe6 Qf7 24.Rxg6+ Qxg6 25.Rg3 Rd7 26.Qf6 Rg7 27.Rxg6 
hxg6 28.Bc4+ Kh8 29.Qh4+ Rh7 30.Qf6+ Rg7 31.Qh4+ Rh7 32.Qf6+ Rg7 33.Qg5 
Be4 34.c3 Rb8 35.h3 a5 36.Kh2 Rc8 37.Kg3 Rb8 38.Kf4 Rc8 39.g3 Rb8 40.Qh4+ 
Rh7 41.Qf6+ Rg7 42.Kg5 1-0

[Event "III Open A"]
[Site "Genova ITA"]
[Date "1999.08.11"]
[Round "4"]
[White "Capece, Adolivio"]
[Black "Bogza, Adina-Maria"]
[Result "1/2-1/2"]
[WhiteElo "2051"]
[BlackElo "2210"]
[PlyCount "21"]
[EventDate "1999.08.09"]

1.c4 g6 2.Nc3 Bg7 3.g3 d6 4.Bg2 e5 5.d3 Nf6 6.Bg5 h6 7.Bd2 O-O 8.Qc1 Kh7 
9.h4 Nc6 10.Nd5 Ne7 11.Nxf6+ 1/2-1/2

[Event "III Open A"]
[Site "Genova ITA"]
[Date "1999.08.11"]
[Round "4"]
[White "Cebalo, Miso"]
[Black "Neiman, Emmanuel"]
[Result "1-0"]
[WhiteElo "2453"]
[BlackElo "2353"]
[PlyCount "115"]
[EventDate "1999.08.09"]

1.d4 Nf6 2.c4 e6 3.Nf3 d5 4.Nc3 Be7 5.Bg5 O-O 6.e3 Nbd7 7.Rc1 c6 8.Qc2 a6 
9.c5 Nh5 10.h4 f5 11.b4 h6 12.Bf4 Ndf6 13.Be2 Bd7 14.Ne5 Be8 15.Na4 Nxf4 
16.exf4 Nd7 17.Nxd7 Bxd7 18.Nb6 Rb8 19.h5 Be8 20.Rh3 Bd6 21.Qd2 Bc7 22.Na4
a5 23.a3 Ra8 24.Nb2 axb4 25.axb4 Ra2 26.Rb1 Qb8 27.g3 b6 28.Rh1 Bd8 29.Qc3
bxc5 30.dxc5 Bf6 31.Qb3 Ra7 32.Nd3 Bf7 33.Kf1 e5 34.fxe5 Bxe5 35.Bf3 Bxg3 
36.fxg3 Qxg3 37.Nf2 d4 38.Bd5 f4 39.Bxf7+ Rfxf7 40.Rh3 Qg5 41.Re1 Qf5 42.
Re8+ Kh7 43.Qd3 f3 44.Rxf3 Qxd3+ 45.Rxd3 Rf5 46.Rxd4 Raf7 47.Re2 Rxh5 48.
Kg2 Rg5+ 49.Kh2 Rf3 50.Ng4 Rff5 51.Rde4 Rg6 52.Rg2 Rd5 53.Ne3 Rd3 54.Rxg6 
Kxg6 55.Kg2 Rb3 56.Nc4 Kf5 57.Rd4 g5 58.b5 1-0

[Event "III Open A"]
[Site "Genova ITA"]
[Date "1999.08.11"]
[Round "4"]
[White "Corti, Corrado"]
[Black "Wall, Gavin"]
[Result "0-1"]
[WhiteElo "1747"]
[BlackElo "2353"]
[PlyCount "64"]
[EventDate "1999.08.09"]

1.e4 e5 2.Nf3 d6 3.Nc3 Nf6 4.d4 exd4 5.Qxd4 Be7 6.Bg5 O-O 7.O-O-O Nc6 8.
Qd2 Be6 9.h4 a6 10.Nd4 Nxd4 11.Qxd4 c5 12.Qd2 b5 13.Nd5 Bxd5 14.exd5 Ne4 
15.Bxe7 Qxe7 16.Qf4 Qe5 17.Qe3 Rfe8 18.f4 Qf5 19.Bd3 c4 20.g4 Qxd5 21.Bxe4
Qxe4 22.Qg3 c3 23.Qxc3 Qxf4+ 24.Kb1 Rac8 25.Qa3 Qe4 26.Qxd6 Qxc2+ 27.Ka1 
h6 28.Qf4 Rc4 29.Qf3 Re2 30.Rd8+ Kh7 31.Qf5+ Qxf5 32.gxf5 Rxh4 0-1

[Event "III Open A"]
[Site "Genova ITA"]
[Date "1999.08.11"]
[Round "4"]
[White "Dervishi, Erald"]
[Black "Godena, Michele"]
[Result "1-0"]
[WhiteElo "2496"]
[BlackElo "2490"]
[PlyCount "67"]
[EventDate "1999.08.09"]

1.e4 e5 2.Nf3 Nc6 3.Bb5 a6 4.Ba4 Nf6 5.O-O b5 6.Bb3 Bc5 7.c3 d6 8.d4 Bb6 
9.h3 Bb7 10.Re1 Ne7 11.Nbd2 Ng6 12.Bc2 O-O 13.Nf1 Re8 14.Ng3 d5 15.Bg5 h6 
16.Bxf6 Qxf6 17.exd5 exd4 18.Ne4 Qd8 19.cxd4 Qxd5 20.Qd2 Rad8 21.b4 Qh5 
22.Ng3 Qd5 23.Be4 Rxe4 24.Nxe4 f5 25.Nc5 Bxc5 26.bxc5 f4 27.Qc2 Qh5 28.c6 
Bc8 29.Qb3+ Kh7 30.Rac1 Rd5 31.Rc5 Rxc5 32.dxc5 Qf5 33.Re8 Nf8 34.Nd4 1-0

[Event "III Open A"]
[Site "Genova ITA"]
[Date "1999.08.11"]
[Round "4"]
[White "Grigore, George-Gabriel"]
[Black "Abd El Gawad, Shaban"]
[Result "1-0"]
[WhiteElo "2526"]
[BlackElo "2072"]
[PlyCount "71"]
[EventDate "1999.08.09"]

1.d4 Nf6 2.c4 e6 3.Nc3 c5 4.d5 d6 5.e4 Be7 6.f4 exd5 7.cxd5 O-O 8.Nf3 Bg4 
9.Be2 a6 10.a4 Re8 11.O-O Bf8 12.h3 Bxf3 13.Bxf3 Nbd7 14.g4 h6 15.h4 Nh7 
16.g5 Rb8 17.Qe2 c4 18.Be3 g6 19.Qxc4 Bg7 20.Qe2 f5 21.Qd2 b5 22.axb5 axb5
23.exf5 gxf5 24.Bd4 hxg5 25.hxg5 Bxd4+ 26.Qxd4 b4 27.Ne2 Nc5 28.Ra7 Re7 
29.Rxe7 Qxe7 30.Ng3 Rf8 31.g6 Ng5 32.fxg5 Qxg5 33.Kf2 Nb3 34.Qa7 Qxg6 35.
Rg1 Rf7 36.Qe3 1-0

[Event "III Open A"]
[Site "Genova ITA"]
[Date "1999.08.11"]
[Round "4"]
[White "Laubsch, Bernd"]
[Black "Loncar, Robert"]
[Result "1/2-1/2"]
[WhiteElo "2184"]
[BlackElo "2429"]
[PlyCount "118"]
[EventDate "1999.08.09"]

1.e4 d6 2.d4 g6 3.Nc3 Bg7 4.Nf3 a6 5.a4 b6 6.Bc4 e6 7.O-O h6 8.Qe2 Nd7 9.
h3 Ne7 10.Bf4 O-O 11.Rad1 Bb7 12.Rfe1 Nf6 13.Bh2 d5 14.exd5 Nexd5 15.Ne4 
Nxe4 16.Qxe4 Qe8 17.Be5 Qxa4 18.Bxg7 Kxg7 19.Bb3 Qb4 20.Ne5 c6 21.Nd7 Rfd8
22.Bxd5 Rxd7 23.Bxc6 Bxc6 24.Qxc6 Rad8 25.c3 Qb3 26.Rd2 Rd5 27.Ra1 a5 28.
Re2 b5 29.Qc7 a4 30.Kh2 R8d7 31.Qc6 R5d6 32.Qc5 Qd5 33.Qxd5 Rxd5 34.b3 
axb3 35.Rb2 b4 36.cxb4 Rb5 37.Rxb3 Rxd4 38.Rab1 Kf6 39.Kg3 Ke5 40.Kf3 Kd5 
41.Ke3 e5 42.g3 f5 43.Rd3 Rxd3+ 44.Kxd3 Rb7 45.h4 Ra7 46.Kc3 Ra3+ 47.Rb3 
Ra2 48.Rb2 Ra3+ 49.Rb3 Ra7 50.Rb2 g5 51.hxg5 hxg5 52.Rd2+ Kc6 53.Kc4 Ra4 
54.Re2 e4 55.g4 fxg4 56.Rxe4 Ra2 57.Rxg4 Rxf2 58.Rxg5 Rf4+ 59.Kb3 Kb6 
1/2-1/2

[Event "III Open A"]
[Site "Genova ITA"]
[Date "1999.08.11"]
[Round "4"]
[White "Mateuta, Gabriel"]
[Black "Mollero, Michele"]
[Result "1-0"]
[WhiteElo "2398"]
[BlackElo "2132"]
[PlyCount "95"]
[EventDate "1999.08.09"]

1.d4 d5 2.Nf3 Nf6 3.c4 dxc4 4.g3 c5 5.Qa4+ Nc6 6.dxc5 e5 7.Bg2 Bd7 8.Qxc4 
Qa5+ 9.Nc3 Bxc5 10.O-O Qb4 11.Qxb4 Bxb4 12.Rd1 h6 13.Nb5 O-O-O 14.Be3 Kb8 
15.a3 Be7 16.b4 Be6 17.Bc5 Bxc5 18.bxc5 Rxd1+ 19.Rxd1 Nd7 20.Rc1 Rc8 21.
Ne1 Na5 22.c6 Nxc6 23.Nd6 Rc7 24.Ne8 Rc8 25.Nxg7 Nd4 26.Rxc8+ Kxc8 27.Nxe6
Nxe6 28.e3 Nec5 29.Bd5 f6 30.Kf1 Kc7 31.Ke2 Kd6 32.Bg8 Nb6 33.Kf3 e4+ 34.
Kg4 Nd3 35.Ng2 Nxf2+ 36.Kh5 Nd5 37.h4 Ke5 38.Bxd5 Kxd5 39.Kxh6 Ke6 40.Kg7 
Ng4 41.h5 Kf5 42.h6 Nxh6 43.Kxh6 Kg4 44.Kg6 Kxg3 45.Nf4 Kf3 46.Nd5 b5 47.
Kxf6 a5 48.Ke5 1-0

[Event "III Open A"]
[Site "Genova ITA"]
[Date "1999.08.11"]
[Round "4"]
[White "Satta, Vladimiro"]
[Black "Bancod, Ronald"]
[Result "1/2-1/2"]
[WhiteElo "2212"]
[BlackElo "2388"]
[PlyCount "59"]
[EventDate "1999.08.09"]

1.e4 g6 2.d4 c6 3.Nc3 d6 4.Nf3 Bg7 5.Be2 Nf6 6.O-O O-O 7.Re1 Nbd7 8.a4 e5 
9.dxe5 dxe5 10.Bc4 a5 11.Qe2 h6 12.h3 Re8 13.Be3 Qe7 14.Ba2 Nf8 15.Rad1 
Qb4 16.Qd2 g5 17.Qc1 Ng6 18.h4 g4 19.Nd2 h5 20.g3 Bf8 21.Bg5 Nd7 22.Nf1 
Nc5 23.Ne3 Be6 24.Bxe6 Nxe6 25.Nf5 Nxg5 26.Qxg5 Qxb2 27.Nb1 Qxc2 28.Qxh5 
Rad8 29.Rc1 Qxa4 30.Qxg4 1/2-1/2

[Event "III Open A"]
[Site "Genova ITA"]
[Date "1999.08.12"]
[Round "5"]
[White "Ardelean, George Catalin"]
[Black "Cebalo, Miso"]
[Result "1/2-1/2"]
[WhiteElo "2374"]
[BlackElo "2453"]
[PlyCount "46"]
[EventDate "1999.08.09"]

1.e4 c5 2.Nf3 d6 3.d4 cxd4 4.Nxd4 Nf6 5.Nc3 g6 6.Be3 Bg7 7.f3 O-O 8.Bc4 
Nc6 9.Bb3 Bd7 10.Qd2 Ne5 11.O-O-O Qa5 12.Kb1 Rfc8 13.h4 b5 14.Ncxb5 Qxd2 
15.Bxd2 Rab8 16.Nc3 Nc4 17.Bc1 Be8 18.Nde2 Kf8 19.Bxc4 Rxc4 20.b3 Rcc8 21.
Bb2 Nd7 22.h5 g5 23.h6 Be5 1/2-1/2

[Event "III Open A"]
[Site "Genova ITA"]
[Date "1999.08.12"]
[Round "5"]
[White "Bancod, Ronald"]
[Black "Cecchetto, Vanni"]
[Result "1-0"]
[WhiteElo "2388"]
[BlackElo "1594"]
[PlyCount "95"]
[EventDate "1999.08.09"]

1.e4 c5 2.Nf3 d6 3.Bc4 e6 4.O-O Nc6 5.d3 Nf6 6.Bb3 Be7 7.c3 b5 8.Nbd2 Bb7 
9.Re1 O-O 10.Nf1 a5 11.Ng3 Qc7 12.a4 b4 13.h3 Ba6 14.Bc2 e5 15.Nh2 bxc3 
16.bxc3 d5 17.Ng4 Nxg4 18.Qxg4 Bc8 19.Nf5 Bxf5 20.exf5 Qd6 21.Rb1 Rab8 22.
Rb5 Rxb5 23.axb5 Nb4 24.cxb4 axb4 25.Bb2 f6 26.Bb3 Kh8 27.Ra1 Qd7 28.b6 
Rb8 29.Ra7 Rb7 30.Ra8+ Bd8 31.Bxd5 Rxb6 32.Bc4 Rd6 33.Qe4 h6 34.Ra6 Rxa6 
35.Bxa6 Bb6 36.Bc4 Kh7 37.g4 Bc7 38.Kg2 Qd8 39.Kf3 Bb6 40.Qd5 Qxd5+ 41.
Bxd5 g5 42.Ke4 c4 43.dxc4 Bxf2 44.Bb7 Kg7 45.Kd5 Kf7 46.Kd6 b3 47.Be4 Ke8 
48.Ke6 1-0

[Event "III Open A"]
[Site "Genova ITA"]
[Date "1999.08.12"]
[Round "5"]
[White "Bogza, Adina-Maria"]
[Black "Barlocco, Carlo"]
[Result "1-0"]
[WhiteElo "2210"]
[BlackElo "2161"]
[PlyCount "81"]
[EventDate "1999.08.09"]

1.Nf3 d5 2.g3 Nf6 3.Bg2 Bf5 4.O-O e6 5.d3 Be7 6.Nbd2 O-O 7.c3 c5 8.Qe1 Nc6
9.e4 dxe4 10.dxe4 Bg6 11.Nh4 Nd7 12.Nxg6 hxg6 13.f4 b5 14.e5 c4 15.Kh1 Qc7
16.Ne4 Nc5 17.Nxc5 Bxc5 18.Be3 Qb6 19.Bxc5 Qxc5 20.a4 Rab8 21.Qf2 Qxf2 22.
Rxf2 Na5 23.axb5 Rxb5 24.Bf1 Rfb8 25.Ra4 Rc8 26.Rd2 g5 27.b4 Nb3 28.Rb2 
gxf4 29.gxf4 g5 30.Ra3 Nc1 31.Rg2 Kf8 32.Rxg5 Nd3 33.Rh5 Nxf4 34.Rh8+ Kg7 
35.Rxc8 Rxe5 36.Rxc4 Nd5 37.Rxa7 Re1 38.Kg1 Rxf1+ 39.Kxf1 Ne3+ 40.Ke2 Nxc4
41.Rc7 1-0

[Event "III Open A"]
[Site "Genova ITA"]
[Date "1999.08.12"]
[Round "5"]
[White "Corti, Corrado"]
[Black "Paganetto, Ivano"]
[Result "1/2-1/2"]
[WhiteElo "1747"]
[BlackElo "1723"]
[PlyCount "149"]
[EventDate "1999.08.09"]

1.e4 c5 2.Nf3 d6 3.d4 cxd4 4.Nxd4 Nf6 5.Nc3 e6 6.Bg5 Be7 7.Qd2 Nc6 8.O-O-O
Bd7 9.f3 Rc8 10.Kb1 a6 11.h4 Qa5 12.Nb3 Qc7 13.Bd3 b5 14.g4 Na5 15.Nxa5 
Qxa5 16.e5 dxe5 17.Be4 Qc7 18.Rhe1 Bb4 19.Nxb5 Bxb5 20.Qxb4 Nxe4 21.Qxe4 
f6 22.Be3 O-O 23.Rd2 Bc6 24.Qc4 Bxf3 25.Qxe6+ Qf7 26.Qxf7+ Rxf7 27.g5 f5 
28.c3 f4 29.Bg1 e4 30.Rf2 Rf5 31.Bh2 Kf7 32.h5 Rxg5 33.Bxf4 Rxh5 34.Be3 
Rh3 35.Kc2 h6 36.Bd4 g5 37.Rxe4 Re8 38.Rxe8 Kxe8 39.Kd2 g4 40.Ke3 Bd5+ 41.
Kf4 h5 42.Re2+ Kd7 43.a3 g3 44.Re3 h4 45.Kg4 Rh1 46.Rd3 Kc6 47.Ba7 g2 48.
Bd4 Be6+ 49.Kf4 h3 50.Kg3 Bd5 51.c4 Bxc4 52.Rc3 Kd5 53.Ba7 Bf1 54.Rc5+ Kd6
55.Rh5 g1=Q+ 56.Bxg1 Rxg1+ 57.Kf2 Rh1 58.a4 Bc4 59.b4 Rb1 60.Rxh3 Rxb4 61.
Ke1 Rxa4 62.Kd2 Kc5 63.Kc1 Ra2 64.Kb1 Kb4 65.Rg3 Rf2 66.Rh3 a5 67.Ka1 a4 
68.Rh1 a3 69.Rc1 Bb3 70.Kb1 Ra2 71.Rc8 Rh2 72.Rc1 Bd5 73.Ka1 Kb3 74.Re1 
Kc2 75.Re2+ 1/2-1/2

[Event "III Open A"]
[Site "Genova ITA"]
[Date "1999.08.12"]
[Round "5"]
[White "Dervishi, Erald"]
[Black "Grigore, George-Gabriel"]
[Result "0-1"]
[WhiteElo "2496"]
[BlackElo "2526"]
[PlyCount "104"]
[EventDate "1999.08.09"]

1.e4 c5 2.Nf3 Nc6 3.d4 cxd4 4.Nxd4 e5 5.Nb5 d6 6.c4 Be7 7.Be2 Be6 8.O-O 
Nf6 9.N1c3 a6 10.Na3 Nd4 11.Nc2 Nxe2+ 12.Qxe2 O-O 13.b3 b5 14.cxb5 Qc8 15.
Bb2 axb5 16.Rfc1 Rb8 17.Nb4 Qb7 18.Qd3 Rfc8 19.Ncd5 Nxd5 20.exd5 Bd7 21.
Rxc8+ Rxc8 22.Rc1 Rxc1+ 23.Bxc1 Qc8 24.Qc2 Qxc2 25.Nxc2 f5 26.Kf1 Kf7 27.
Ke2 Bd8 28.Ba3 Ke7 29.Ne1 Be8 30.Nd3 Kd7 31.Bb2 g5 32.Nb4 Bb6 33.Bc3 f4 
34.a4 bxa4 35.bxa4 Kc7 36.Nc6 Bxc6 37.dxc6 Kxc6 38.f3 Kd5 39.Kd3 g4 40.h3 
g3 41.a5 Ba7 42.Bb4 Ke6 43.Bd2 d5 44.a6 Kf5 45.Be1 e4+ 46.fxe4+ dxe4+ 47.
Ke2 h5 48.Ba5 f3+ 49.Kf1 h4 50.Bc7 Ke6 51.Bf4 Kd7 52.Bg5 e3 0-1